O casamento da minha mãe (Registo nº 1373)

Detalhes MARC
000 -Etiqueta do registo
Cabeçalho 00654nam0a2200241 4500
005 - Identificador da versão
Campo de controlo 20240813121834.0
010 ## - Número internacional normalizado dos livros (ISBN)
Número (ISBN) 9722116789
021 ## - Número do Depósito Legal
Código do país PT
Número 221211/05
100 ## - Dados gerais de processamento
Dados gerais de processamento 20150130d2005 m y0pory5003 ba
102 ## - Pais de publicação ou produção
País de publicação Portugal
101 0# - Língua de publicação
Língua do texto, banda sonora, etc. Português
215 ## - Descrição física 
Indicação específica da natureza do documento e extensão da espécie 143 p
200 1# - Titulo e menção de responsabilidade
Título próprio O casamento da minha mãe
Primeira menção de responsabilidade Alice Vieira
210 ## - Publicação, Distribuição, etc. 
Lugar da edição, distribuição, etc. Coimbra
Nome do editor, distribuidor, etc. Caminho
Data da publicação, distribuição, etc. 2005
300 ## - Notas gerais 
Texto da nota Plano Nacional de Leitura
606 ## - Nome comum usado como assunto
Número de registo de entrada de autoridade 0002005
Palavra de ordem Literatura portuguesa
Subdivisão de assunto Romance
Código do sistema CA
675 ## - Classificação Decimal Universal (CDU)
Notação 821.134.3-31
Edição 3ª ed.
Língua da edição por
700 #1 - Nome de autor-pessoa física (responsabilidade principal)
Número de registo de entrada de autoridade 0001364
Palavra de ordem Vieira
Outra parte do nome não tomada para palavra de ordem Alice
Datas 1943-
966 ## - Identificação da Biblioteca
Sigla EB2,3ENM
942 ## - Elementos de entrada adicionados (Koha)
Tipo de item no Koha Livro
Exemplares
Situação do levantamento Origin of item (home branch) (coded) Biblioteca de empréstimo Código de barras Cota Circulation type (not for loan) Tipo de documento Nota do exemplar Damaged status
  Biblioteca Escolar Eng. Nuno Mergulhão Biblioteca Escolar Eng. Nuno Mergulhão BENM3278 82LP-3 VIE PNL   Livro Sem mensagem